| 000 | 01472nam2a2200277 4500 | ||
|---|---|---|---|
| 001 | RU\NLR\BIBL_A\010955347 | ||
| 005 | 20250624203717.0 | ||
| 010 |
_a978-5-906445-01-8 _910 000 |
||
| 021 |
_aRU _b2015-100947 _96286 |
||
| 035 | _a(NLR Aleph) 010955347 | ||
| 090 |
_a10788054 _c10788054 |
||
| 100 | _a20160121d2015 |||y0rusy50 ca | ||
| 101 | 0 | _arus | |
| 102 | _aRU | ||
| 105 | _aac j 001yy | ||
| 200 | 1 | _aВ фокусе - нозологии | |
| 210 |
_d2015 _aБ. м. |
||
| 215 |
_a271 c. _cцв. ил., портр. |
||
| 320 | _aТорговые наименования (Rx и ОТС) упомянутые в издании: с. 260-265 | ||
| 461 | 0 |
_1001RU\NLR\BIBL_A\010980787 _12001#$aКонсультируем и рекомендуем$eпрактическое обучающее пособие для аптечных специалистов$fпод ред. Е. А. Тельновой - д.ф.н., проф.$vВып. 1 _910870892 _cМосква _d2015 _fпод ред. Е. А. Тельновой - д.ф.н., проф. _nBionika media _oпрактическое обучающее пособие для аптечных специалистов _tКонсультируем и рекомендуем _vВып. 1 |
|
| 606 | 1 |
_aБолезни _jПрактические пособия _xФармакотерапия _92515246 _3RU\NLR\AUTH\661490812 |
|
| 686 | 1 | _aР352я7 | |
| 942 | _cBOOK | ||
| 980 | _aNB | ||